[Event "Bundesliga 9697"]
[Site "Deutschland"]
[Date "1997.??.??"]
[Round "?.5"]
[White "Borriss, Martin"]
[Black "Hetey, Laszlo"]
[Result "1/2-1/2"]
[WhiteElo "2440"]
[BlackElo "2370"]
[PlyCount "106"]
[EventDate "1996.10.??"]
[EventType "team"]
[EventRounds "15"]
[EventCountry "GER"]
[SourceTitle "Bundesliga 9697"]
[Source "DeepChess"]
[SourceDate "2005.01.01"]
[SourceVersion "1"]
[SourceVersionDate "2005.01.01"]
[SourceQuality "1"]
[WhiteTeam "Dresdner SC 1898"]
[BlackTeam "PSV/BSV Wuppertal 1921 e.V."]
[WhiteTeamCountry "GER"]
[BlackTeamCountry "GER"]

1. e4 Nf6 2. e5 Nd5 3. d4 d6 4. Nf3 dxe5 5. Nxe5 Nd7 6. Nf3 e6 7. c4 N5f6 8.
Nc3 Be7 9. Be2 O-O 10. O-O b6 11. Bf4 Bb7 12. Nb5 c6 13. Nc3 Re8 14. h3 Nf8 15.
Ne5 Ng6 16. Nxg6 hxg6 17. Bf3 Bd6 18. Be5 Qc7 19. Re1 Rad8 20. Qe2 Rd7 21. Qe3
Red8 22. Rad1 Qc8 23. c5 Bxe5 24. dxe5 Rxd1 25. Rxd1 Rxd1+ 26. Bxd1 Nd7 27. Ne4
Qc7 28. cxb6 axb6 29. Nd6 Ba6 30. Qf4 Nb8 31. h4 Qe7 32. h5 gxh5 33. Bxh5 g6
34. Bf3 c5 35. g3 Bd3 36. Qe3 Bb1 37. a3 Nd7 38. Bc6 Ba2 39. b4 Bd5 40. Bxd7
Qxd7 41. bxc5 Qa4 42. f3 bxc5 43. g4 c4 44. Qf4 Qd7 45. Kf2 c3 46. Ke2 Qa7 47.
Kd3 c2 48. Kxc2 Qf2+ 49. Kc3 Qe1+ 50. Kc2 Qf2+ 51. Kd3 Qf1+ 52. Kd4 Qa1+ 53.
Kd3 Qf1+ 1/2-1/2

[Event "Bundesliga 9697"]
[Site "Deutschland"]
[Date "1997.??.??"]
[Round "?.6"]
[White "Kern, Guido"]
[Black "Heinatz, Thomas"]
[Result "1-0"]
[WhiteElo "2410"]
[BlackElo "2380"]
[PlyCount "159"]
[EventDate "1996.10.??"]
[EventType "team"]
[EventRounds "15"]
[EventCountry "GER"]
[SourceTitle "Bundesliga 9697"]
[Source "DeepChess"]
[SourceDate "2005.01.01"]
[SourceVersion "1"]
[SourceVersionDate "2005.01.01"]
[SourceQuality "1"]
[WhiteTeam "PSV/BSV Wuppertal 1921 e.V."]
[BlackTeam "Dresdner SC 1898"]
[WhiteTeamCountry "GER"]
[BlackTeamCountry "GER"]

1. c4 g6 2. e4 e5 3. g3 Bg7 4. Bg2 Nc6 5. Nc3 d6 6. Nge2 Nge7 7. d3 O-O 8. O-O
Be6 9. Be3 Nd4 10. Nd5 Nc8 11. Nxd4 exd4 12. Bd2 c6 13. Nf4 Bd7 14. b4 Ne7 15.
Qb3 Be5 16. Ne2 Qc7 17. Rab1 Rab8 18. Bg5 Rfe8 19. Rfc1 c5 20. Qc2 b6 21. Rf1
cxb4 22. Bxe7 Rxe7 23. Rxb4 b5 24. Rc1 a5 25. Rb2 b4 26. c5 Qxc5 27. Qxc5 dxc5
28. Rxc5 Bb5 29. f4 Bd6 30. Rd5 Bc7 31. Nxd4 Bb6 32. Kh1 Bxd3 33. Nc6 Rxe4 34.
h4 Re1+ 35. Kh2 Bg1+ 36. Kh3 Bf5+ 37. Rxf5 gxf5 38. Nxb8 Bd4 39. Rc2 Bc3 40.
Bc6 Re3 41. Ba4 Be1 42. Rg2 Ra3 43. Bd7 a4 44. Bxf5 b3 45. Bb1 Kf8 46. Nc6 Bxg3
47. Rxg3 bxa2 48. Bxa2 Rxa2 49. Ne5 h5 50. Rc3 f6 51. Nc4 Ke7 52. f5 Rf2 53.
Ne3 Kd6 54. Kg3 Ra2 55. Kf3 Rh2 56. Kg3 Ra2 57. Kf3 Rh2 58. Rc4 Rh3+ 59. Kf2 a3
60. Ra4 Ke5 61. Rxa3 Rxh4 62. Ra5+ Kd6 63. Ra6+ Ke5 64. Kg3 Rh1 65. Re6+ Kd4
66. Ng2 Rf1 67. Nh4 Rg1+ 68. Kf2 Rg4 69. Nf3+ Kd5 70. Ke3 h4 71. Re8 Ra4 72.
Rd8+ Kc5 73. Nd2 h3 74. Ne4+ Kc6 75. Rd6+ Kc7 76. Rxf6 Ra1 77. Rh6 Kd7 78. Kf3
Ra3+ 79. Kf4 Ke7 80. Rh7+ 1-0

[Event "Bundesliga 9697"]
[Site "Deutschland"]
[Date "1997.??.??"]
[Round "?.7"]
[White "Jordan, Dirk"]
[Black "Schiffer, Kai Uwe"]
[Result "1/2-1/2"]
[WhiteElo "2191"]
[BlackElo "2340"]
[PlyCount "96"]
[EventDate "1996.10.??"]
[EventType "team"]
[EventRounds "15"]
[EventCountry "GER"]
[SourceTitle "Bundesliga 9697"]
[Source "DeepChess"]
[SourceDate "2005.01.01"]
[SourceVersion "1"]
[SourceVersionDate "2005.01.01"]
[SourceQuality "1"]
[WhiteTeam "Dresdner SC 1898"]
[BlackTeam "PSV/BSV Wuppertal 1921 e.V."]
[WhiteTeamCountry "GER"]
[BlackTeamCountry "GER"]

1. d4 d5 2. Bg5 h6 3. Bh4 c6 4. e3 Qb6 5. b3 e5 6. Nf3 Bg4 7. Be2 e4 8. Nfd2
Bxe2 9. Qxe2 Nd7 10. O-O Ngf6 11. c4 Qa5 12. Rc1 Bb4 13. a3 O-O 14. c5 Bxd2 15.
Nxd2 b6 16. b4 Qa4 17. cxb6 axb6 18. Rc3 Rfc8 19. Rac1 b5 20. Nb1 Ra6 21. h3
Kh7 22. Bg3 Rb6 23. R1c2 Qa8 24. Qd1 Ra6 25. Qc1 Nf8 26. Bd6 Ne6 27. Nd2 Ne8
28. Bg3 Qb7 29. Nb3 Qd7 30. Na5 Nd8 31. Rc5 Rca8 32. Kh2 Nd6 33. Bxd6 Qxd6+ 34.
g3 Qf6 35. Qd1 g6 36. Kg2 h5 37. Kg1 Qf5 38. h4 Kg7 39. Qe2 Qd7 40. Kg2 Nb7 41.
Nxb7 Qxb7 42. R2c3 Rxa3 43. Rxc6 Rxc3 44. Rxc3 Ra4 45. Qb2 Qa6 46. Rc5 Ra2 47.
Qb3 Rd2 48. Rc2 Rxc2 1/2-1/2

[Event "Bundesliga 9697"]
[Site "Deutschland"]
[Date "1997.??.??"]
[Round "?.8"]
[White "Florath, Patrick"]
[Black "Schneider, Henning"]
[Result "1/2-1/2"]
[WhiteElo "2280"]
[BlackElo "2215"]
[PlyCount "166"]
[EventDate "1996.10.??"]
[EventType "team"]
[EventRounds "15"]
[EventCountry "GER"]
[SourceTitle "Bundesliga 9697"]
[Source "DeepChess"]
[SourceDate "2005.01.01"]
[SourceVersion "1"]
[SourceVersionDate "2005.01.01"]
[SourceQuality "1"]
[WhiteTeam "PSV/BSV Wuppertal 1921 e.V."]
[BlackTeam "Dresdner SC 1898"]
[WhiteTeamCountry "GER"]
[BlackTeamCountry "GER"]

1. e4 c5 2. Nf3 Nc6 3. d4 cxd4 4. Nxd4 Nf6 5. Nc3 d6 6. Be2 e5 7. Nf3 h6 8. O-O
Be7 9. Re1 O-O 10. h3 Be6 11. Bf1 Nb8 12. Nd5 Nxd5 13. exd5 Bd7 14. c4 Na6 15.
Rb1 Bf5 16. Bd3 Bxd3 17. Qxd3 Nc5 18. Qc2 a5 19. Be3 Qc7 20. Nd2 f5 21. b4 axb4
22. Rxb4 b6 23. Reb1 Ra6 24. Nb3 Qa7 25. Nc1 e4 26. Rb5 Rc8 27. Qe2 Rf8 28. Qh5
Kh7 29. Qe2 Bf6 30. Bf4 Be7 31. Qh5 Qc7 32. Be3 Qa7 33. R1b2 Na4 34. Rc2 Nc5
35. Qe2 Bf6 36. Qh5 Qd7 37. Ne2 g5 38. Bd4 Qe7 39. Rcb2 Rb8 40. h4 Bxd4 41.
Nxd4 f4 42. Nc6 Qe8 43. Qg4 Rb7 44. hxg5 Qg6 45. Nb4 Ra8 46. Qxf4 hxg5 47. Qg4
Rf8 48. g3 Qf6 49. Nc6 e3 50. Qd4 Qxd4 51. Nxd4 Nd3 52. fxe3 Nxb2 53. Rxb2 Ra8
54. Nf5 Rd8 55. a4 Kg6 56. Nd4 Ra8 57. Rb4 Kf6 58. Nc6 Kf5 59. a5 Ra6 60. Kf2
Ke4 61. Ke2 g4 62. Nd8 Rd7 63. c5+ Kxd5 64. Rd4+ Kxc5 65. Ne6+ Kc6 66. axb6
Rxb6 67. Rxg4 Re7 68. Nd4+ Kc5 69. Kf3 d5 70. Rf4 Rb1 71. Nf5 Re8 72. Kf2 Rb7
73. Kf3 Rf7 74. Nd4 Rfe7 75. Nf5 Re5 76. Kf2 Re4 77. Kf3 R4e5 78. Kf2 Rf8 79.
Nd4 Rxf4+ 80. gxf4 Re8 81. Kf3 Kc4 82. f5 Kd3 83. Ne6 Re7 1/2-1/2

[Event "Bundesliga 9697"]
[Site "Deutschland"]
[Date "1997.??.??"]
[Round "?.2"]
[White "Kindermann, Stefan"]
[Black "Teske, Henrik"]
[Result "1/2-1/2"]
[WhiteElo "2540"]
[BlackElo "2500"]
[PlyCount "20"]
[EventDate "1996.10.??"]
[EventType "team"]
[EventRounds "15"]
[EventCountry "GER"]
[SourceTitle "Bundesliga 9697"]
[Source "DeepChess"]
[SourceDate "2005.01.01"]
[SourceVersion "1"]
[SourceVersionDate "2005.01.01"]
[SourceQuality "1"]
[WhiteTeam "SAbt SV Werder Bremen"]
[BlackTeam "Dresdner SC 1898"]
[WhiteTeamCountry "GER"]
[BlackTeamCountry "GER"]

1. e4 d5 2. exd5 Nf6 3. d4 Bg4 4. Be2 Bxe2 5. Qxe2 Qxd5 6. Nf3 Nc6 7. Nc3 Qf5
8. Be3 e6 9. O-O-O O-O-O 10. Kb1 Bb4 1/2-1/2

[Event "Bundesliga 9697"]
[Site "Deutschland"]
[Date "1997.??.??"]
[Round "?.3"]
[White "Lanka, Zigurds"]
[Black "Knaak, Rainer"]
[Result "0-1"]
[WhiteElo "2575"]
[BlackElo "2540"]
[PlyCount "98"]
[EventDate "1996.10.??"]
[EventType "team"]
[EventRounds "15"]
[EventCountry "GER"]
[SourceTitle "Bundesliga 9697"]
[Source "DeepChess"]
[SourceDate "2005.01.01"]
[SourceVersion "1"]
[SourceVersionDate "2005.01.01"]
[SourceQuality "1"]
[WhiteTeam "Dresdner SC 1898"]
[BlackTeam "SAbt SV Werder Bremen"]
[WhiteTeamCountry "GER"]
[BlackTeamCountry "GER"]

1. e4 e6 2. d4 d5 3. Nc3 Bb4 4. e5 c5 5. a3 Bxc3+ 6. bxc3 Ne7 7. Nf3 Qc7 8. Bf4
h6 9. h4 b6 10. Bb5+ Bd7 11. Bd3 Ba4 12. Qd2 Nd7 13. h5 a6 14. O-O Bb5 15. a4
Bxd3 16. cxd3 c4 17. Nh2 cxd3 18. Qxd3 Qc4 19. Qh3 Rc8 20. Bd2 Qe2 21. Ra2 Qc4
22. Rfa1 O-O 23. Rb2 Rc6 24. Nf1 a5 25. Ne3 Qa6 26. Rb5 Qc8 27. Rf1 Kh8 28.
Rbb1 Qa6 29. Rb5 Qc8 30. f4 Rxc3 31. Bxc3 Qxc3 32. Rd1 Nc6 33. Rbb1 Nxd4 34.
Kh2 Ne2 35. Qf3 Nd4 36. Qf2 Nb3 37. Re1 Ndc5 38. Qh4 Re8 39. Ng4 d4 40. Nxh6
gxh6 41. Qf6+ Kg8 42. Qxh6 Qc2 43. Red1 Ne4 44. f5 exf5 45. Qxb6 Nbd2 46. Rf1
Qd3 47. Qc6 Nxf1+ 48. Rxf1 Qg3+ 49. Kg1 Qxe5 0-1

[Event "Bundesliga 9697"]
[Site "Deutschland"]
[Date "1997.??.??"]
[Round "?.4"]
[White "Blatny, Pavel"]
[Black "Uhlmann, Wolfgang"]
[Result "1-0"]
[WhiteElo "2540"]
[BlackElo "2480"]
[PlyCount "91"]
[EventDate "1996.10.??"]
[EventType "team"]
[EventRounds "15"]
[EventCountry "GER"]
[SourceTitle "Bundesliga 9697"]
[Source "DeepChess"]
[SourceDate "2005.01.01"]
[SourceVersion "1"]
[SourceVersionDate "2005.01.01"]
[SourceQuality "1"]
[WhiteTeam "SAbt SV Werder Bremen"]
[BlackTeam "Dresdner SC 1898"]
[WhiteTeamCountry "GER"]
[BlackTeamCountry "GER"]

1. Nf3 Nf6 2. c4 g6 3. b3 Bg7 4. Bb2 O-O 5. g3 c6 6. Bg2 d5 7. O-O Bg4 8. d3
Nbd7 9. Nbd2 Re8 10. Ne5 Nxe5 11. Bxe5 Qa5 12. Rc1 Rad8 13. cxd5 Nxd5 14. Bxg7
Kxg7 15. Nc4 Qb5 16. Qd2 f6 17. d4 Nb6 18. Rfe1 e5 19. e3 Be6 20. Na5 exd4 21.
Nxb7 dxe3 22. Qxe3 Bd5 23. Qf4 g5 24. Qg4 h5 25. Qxh5 Bf7 26. Bxc6 Rxe1+ 27.
Rxe1 Qb4 28. Qe2 Rd2 29. Qe4 Qxe4 30. Bxe4 Rxa2 31. Nc5 a5 32. Rd1 a4 33. Rd6
Ra1+ 34. Kg2 Rc1 35. Nd3 Nc8 36. Rd7 Rd1 37. bxa4 Nb6 38. Ra7 Ra1 39. Nc5 Kf8
40. Ra6 Nd5 41. Ra8+ Kg7 42. Ra7 Nc3 43. Ne6+ Kh6 44. Rxf7 Nxe4 45. g4 Kg6 46.
Rg7+ 1-0

[Event "Bundesliga 9697"]
[Site "Deutschland"]
[Date "1997.??.??"]
[Round "?.6"]
[White "Heissler, Jakob"]
[Black "Borriss, Martin"]
[Result "1/2-1/2"]
[WhiteElo "2430"]
[BlackElo "2440"]
[PlyCount "75"]
[EventDate "1996.10.??"]
[EventType "team"]
[EventRounds "15"]
[EventCountry "GER"]
[SourceTitle "Bundesliga 9697"]
[Source "DeepChess"]
[SourceDate "2005.01.01"]
[SourceVersion "1"]
[SourceVersionDate "2005.01.01"]
[SourceQuality "1"]
[WhiteTeam "SAbt SV Werder Bremen"]
[BlackTeam "Dresdner SC 1898"]
[WhiteTeamCountry "GER"]
[BlackTeamCountry "GER"]

1. e4 c5 2. Nf3 d6 3. d4 cxd4 4. Nxd4 Nf6 5. Nc3 Nc6 6. Bc4 Qb6 7. Nxc6 bxc6 8.
O-O e6 9. Qe2 Be7 10. e5 dxe5 11. Qxe5 O-O 12. Na4 Qb4 13. b3 c5 14. a3 Qb8 15.
Qxb8 Rxb8 16. Be3 Nd7 17. Rad1 Nb6 18. Bxc5 Bxc5 19. Nxc5 Nxc4 20. bxc4 Rb2 21.
Rd2 Ra2 22. a4 e5 23. f4 exf4 24. Rxf4 g6 25. Rf3 Bf5 26. Rc3 Rc8 27. Nb7 Rxa4
28. Nd6 Rc6 29. Nxf5 gxf5 30. c5 Ra5 31. Rd5 Rb5 32. Rxf5 a5 33. Rg3+ Kf8 34.
Rgf3 Rbxc5 35. Rxf7+ Kg8 36. Ra7 Rxc2 37. Rg3+ Rg6 38. Rxg6+ 1/2-1/2

[Event "Bundesliga 9697"]
[Site "Deutschland"]
[Date "1997.??.??"]
[Round "?.7"]
[White "Heinatz, Thomas"]
[Black "Hedke, Fred"]
[Result "0-1"]
[WhiteElo "2380"]
[BlackElo "2355"]
[PlyCount "56"]
[EventDate "1996.10.??"]
[EventType "team"]
[EventRounds "15"]
[EventCountry "GER"]
[SourceTitle "Bundesliga 9697"]
[Source "DeepChess"]
[SourceDate "2005.01.01"]
[SourceVersion "1"]
[SourceVersionDate "2005.01.01"]
[SourceQuality "1"]
[WhiteTeam "Dresdner SC 1898"]
[BlackTeam "SAbt SV Werder Bremen"]
[WhiteTeamCountry "GER"]
[BlackTeamCountry "GER"]

1. e4 e5 2. Bc4 Nc6 3. d3 Nf6 4. Nf3 Be7 5. O-O O-O 6. Re1 d6 7. c3 Na5 8. Bb5
a6 9. Ba4 b5 10. Bc2 c5 11. Nbd2 Re8 12. Nf1 h6 13. Ng3 Bf8 14. a4 Bb7 15. d4
Qc7 16. b3 cxd4 17. cxd4 Rac8 18. Re2 bxa4 19. bxa4 exd4 20. Nxd4 d5 21. e5 Ne4
22. Nxe4 dxe4 23. Bxe4 Rcd8 24. Bxb7 Qxb7 25. Bb2 Bc5 26. Qe1 Bxd4 27. Qxa5
Bxb2 28. Rb1 Bc3 0-1

[Event "Bundesliga 9697"]
[Site "Deutschland"]
[Date "1997.??.??"]
[Round "?.8"]
[White "Meyer, Claus Dieter"]
[Black "Starck, Bodo"]
[Result "1/2-1/2"]
[WhiteElo "2320"]
[BlackElo "2290"]
[PlyCount "49"]
[EventDate "1996.10.??"]
[EventType "team"]
[EventRounds "15"]
[EventCountry "GER"]
[SourceTitle "Bundesliga 9697"]
[Source "DeepChess"]
[SourceDate "2005.01.01"]
[SourceVersion "1"]
[SourceVersionDate "2005.01.01"]
[SourceQuality "1"]
[WhiteTeam "SAbt SV Werder Bremen"]
[BlackTeam "Dresdner SC 1898"]
[WhiteTeamCountry "GER"]
[BlackTeamCountry "GER"]

1. e4 c6 2. d4 d5 3. exd5 cxd5 4. Bd3 Nc6 5. c3 Nf6 6. Bf4 Bg4 7. Qb3 Qc8 8.
Nd2 e6 9. Ngf3 Be7 10. O-O Bh5 11. Ne5 Nxe5 12. Bxe5 O-O 13. Rae1 Nd7 14. Bf4
Bg6 15. Re3 Bxd3 16. Rxd3 Qc6 17. Rh3 b5 18. Qc2 g6 19. Qd3 Rfc8 20. Qg3 b4 21.
Bg5 Bxg5 22. Qxg5 bxc3 23. bxc3 Qd6 24. Qh6 Nf8 25. Nb3 1/2-1/2

[Event "Bundesliga 9697"]
[Site "Deutschland"]
[Date "1996.??.??"]
[Round "?.1"]
[White "Almasi, Zoltan"]
[Black "Dautov, Rustem"]
[Result "1-0"]
[WhiteElo "2655"]
[BlackElo "2615"]
[PlyCount "105"]
[EventDate "1996.10.??"]
[EventType "team"]
[EventRounds "15"]
[EventCountry "GER"]
[SourceTitle "Bundesliga 9697"]
[Source "DeepChess"]
[SourceDate "2005.01.01"]
[SourceVersion "1"]
[SourceVersionDate "2005.01.01"]
[SourceQuality "1"]
[WhiteTeam "Dresdner SC 1898"]
[BlackTeam "SC Anderssen St.Ingbert 1920 e.V."]
[WhiteTeamCountry "GER"]
[BlackTeamCountry "GER"]

1. e4 c6 2. d4 d5 3. Nc3 dxe4 4. Nxe4 Bf5 5. Ng3 Bg6 6. h4 h6 7. Nf3 Nf6 8. h5
Bh7 9. Bd3 Bxd3 10. Qxd3 e6 11. Bd2 Be7 12. O-O-O O-O 13. Ne5 c5 14. dxc5 Qc7
15. Bc3 Nd5 16. Ne4 Na6 17. Bd4 Rac8 18. a3 Rfd8 19. c6 Nf6 20. Kb1 Nc5 21.
Nxc5 Bxc5 22. cxb7 Qxb7 23. Qf3 Qc7 24. Bxc5 Rxd1+ 25. Qxd1 Qxc5 26. Nd3 Qd4
27. Qe2 Rb8 28. Qe3 Qxe3 29. fxe3 Rb5 30. c4 Rg5 31. c5 Kf8 32. Rd1 Ke8 33. b4
Nd5 34. Rc1 Rg3 35. Nf4 Nxe3 36. Rc3 Nf5 37. Rxg3 Nxg3 38. b5 Kd7 39. Nd3 f6
40. a4 Nxh5 41. a5 Ng3 42. b6 axb6 43. cxb6 Ne4 44. a6 Kc6 45. a7 Kb7 46. Kc2
Ka8 47. Kb3 Nd6 48. Nc5 Nb5 49. Nxe6 Nxa7 50. bxa7 g6 51. Kc4 Kxa7 52. Kd5 Kb6
53. Nf8 1-0

[Event "Bundesliga 9697"]
[Site "Deutschland"]
[Date "1996.??.??"]
[Round "?.2"]
[White "Bauer, Christian"]
[Black "Teske, Henrik"]
[Result "0-1"]
[WhiteElo "2465"]
[BlackElo "2520"]
[PlyCount "74"]
[EventDate "1996.10.??"]
[EventType "team"]
[EventRounds "15"]
[EventCountry "GER"]
[SourceTitle "Bundesliga 9697"]
[Source "DeepChess"]
[SourceDate "2005.01.01"]
[SourceVersion "1"]
[SourceVersionDate "2005.01.01"]
[SourceQuality "1"]
[WhiteTeam "SC Anderssen St.Ingbert 1920 e.V."]
[BlackTeam "Dresdner SC 1898"]
[WhiteTeamCountry "GER"]
[BlackTeamCountry "GER"]

1. e4 d5 2. exd5 Qxd5 3. Nc3 Qa5 4. d4 Nf6 5. Nf3 c6 6. Bc4 Bf5 7. Ne5 e6 8. g4
Bg6 9. Bd2 Nbd7 10. Qe2 Bb4 11. O-O-O Nxe5 12. dxe5 Nd5 13. Bxd5 cxd5 14. f4
O-O 15. Kb1 d4 16. Ne4 Bxd2 17. Nxd2 Rac8 18. f5 exf5 19. Nb3 Qb6 20. gxf5 Bxf5
21. Nxd4 Bg6 22. Rd2 Rfd8 23. Rhd1 h6 24. Qg4 h5 25. Qh3 Rxc2 26. Rxc2 Rxd4 27.
Rdc1 Qc6 28. Qc3 Rc4 29. Qd2 Kh7 30. b3 Rxc2 31. Rxc2 h4 32. Kb2 Qxc2+ 33. Qxc2
Bxc2 34. Kxc2 Kg6 35. Kd3 Kf5 36. Kd4 g5 37. b4 g4 0-1

[Event "Bundesliga 9697"]
[Site "Deutschland"]
[Date "1996.??.??"]
[Round "?.3"]
[White "Lanka, Zigurds"]
[Black "Kohlweyer, Bernd"]
[Result "1-0"]
[WhiteElo "2545"]
[BlackElo "2430"]
[PlyCount "71"]
[EventDate "1996.10.??"]
[EventType "team"]
[EventRounds "15"]
[EventCountry "GER"]
[SourceTitle "Bundesliga 9697"]
[Source "DeepChess"]
[SourceDate "2005.01.01"]
[SourceVersion "1"]
[SourceVersionDate "2005.01.01"]
[SourceQuality "1"]
[WhiteTeam "Dresdner SC 1898"]
[BlackTeam "SC Anderssen St.Ingbert 1920 e.V."]
[WhiteTeamCountry "GER"]
[BlackTeamCountry "GER"]

1. e4 c6 2. d4 d5 3. exd5 cxd5 4. c4 Nf6 5. Nc3 e6 6. Nf3 Bb4 7. Bd3 dxc4 8.
Bxc4 O-O 9. O-O b6 10. Qe2 Bb7 11. Bg5 Bxc3 12. bxc3 Nbd7 13. Ne5 Qc7 14. Nxd7
Nxd7 15. Rac1 e5 16. Bb3 Rae8 17. Qh5 Qc6 18. Qh3 Nf6 19. Rfd1 Ne4 20. Be3 Nxc3
21. d5 Qc8 22. Qh5 b5 23. Bd2 b4 24. Bxc3 bxc3 25. Qf3 Qd7 26. Qxc3 Qg4 27. Qc7
Ba6 28. Re1 Bd3 29. Qxa7 Be4 30. f3 Bxf3 31. Qf2 Be4 32. Rc7 f5 33. Re3 g5 34.
d6+ Kh8 35. Qb2 Qf4 36. Qc3 1-0

[Event "Bundesliga 9697"]
[Site "Deutschland"]
[Date "1996.??.??"]
[Round "?.5"]
[White "Maiwald, Jens Uwe"]
[Black "Werner, Dimo"]
[Result "0-1"]
[WhiteElo "2490"]
[BlackElo "2385"]
[PlyCount "112"]
[EventDate "1996.10.??"]
[EventType "team"]
[EventRounds "15"]
[EventCountry "GER"]
[SourceTitle "Bundesliga 9697"]
[Source "DeepChess"]
[SourceDate "2005.01.01"]
[SourceVersion "1"]
[SourceVersionDate "2005.01.01"]
[SourceQuality "1"]
[WhiteTeam "Dresdner SC 1898"]
[BlackTeam "SC Anderssen St.Ingbert 1920 e.V."]
[WhiteTeamCountry "GER"]
[BlackTeamCountry "GER"]

1. Nf3 Nf6 2. d3 d5 3. g3 Nc6 4. Bg2 e5 5. O-O Be7 6. c3 a5 7. Nbd2 O-O 8. e4
dxe4 9. dxe4 b6 10. Re1 Ba6 11. Bf1 Bxf1 12. Kxf1 a4 13. Qe2 Bc5 14. h3 Qe7 15.
Nh4 Qe6 16. Kg2 Ne7 17. Qc4 Qc6 18. Ndf3 b5 19. Qe2 Nd7 20. Bd2 f6 21. g4 Rad8
22. Rad1 Bb6 23. c4 Qxc4 24. Qxc4+ bxc4 25. Rc1 g5 26. Nf5 Nxf5 27. gxf5 Nc5
28. Rxc4 Nd3 29. Rb1 Nxf2 30. Rxa4 Ra8 31. Rc4 Rxa2 32. Bb4 Rfa8 33. Be7 Kf7
34. Bc5 Bxc5 35. Rxc5 Nxe4 36. Rxc7+ Kg8 37. Rc2 R2a6 38. Nh2 h5 39. Nf1 Rd6
40. Re1 Rd4 41. Kf3 Nd6 42. Ng3 Nxf5 43. Nxf5 Rf4+ 44. Ke3 Rxf5 45. Rc7 Rf8 46.
b4 Rf7 47. Rc8+ Kg7 48. Rb1 Rf4 49. b5 Rb7 50. b6 Kg6 51. Rc6 g4 52. h4 g3 53.
Rg1 Rg4 54. Rg2 Kf5 55. Rd6 Rbg7 56. Rc6 Rxh4 0-1

[Event "Bundesliga 9697"]
[Site "Deutschland"]
[Date "1996.??.??"]
[Round "?.6"]
[White "Gross, Georg"]
[Black "Borriss, Martin"]
[Result "1-0"]
[WhiteElo "2355"]
[BlackElo "2425"]
[PlyCount "113"]
[EventDate "1996.10.??"]
[EventType "team"]
[EventRounds "15"]
[EventCountry "GER"]
[SourceTitle "Bundesliga 9697"]
[Source "DeepChess"]
[SourceDate "2005.01.01"]
[SourceVersion "1"]
[SourceVersionDate "2005.01.01"]
[SourceQuality "1"]
[WhiteTeam "SC Anderssen St.Ingbert 1920 e.V."]
[BlackTeam "Dresdner SC 1898"]
[WhiteTeamCountry "GER"]
[BlackTeamCountry "GER"]

1. d4 Nf6 2. Nf3 g6 3. g3 Bg7 4. Bg2 O-O 5. O-O d6 6. c4 c6 7. h3 Ne4 8. Nbd2
Nxd2 9. Bxd2 Bf5 10. Qc1 Re8 11. Bh6 Bh8 12. Rd1 Qc8 13. g4 Be4 14. Qf4 Bxf3
15. Qxf3 Nd7 16. Rac1 Qc7 17. b4 Rab8 18. c5 d5 19. e4 dxe4 20. Qxe4 Nf6 21.
Bf4 Qd7 22. Qf3 Rbd8 23. Be5 Nd5 24. b5 Bxe5 25. dxe5 e6 26. bxc6 bxc6 27. h4
Rb8 28. h5 Qe7 29. Qg3 Rb4 30. Bxd5 exd5 31. hxg6 hxg6 32. Re1 Qg5 33. f3 Qd2
34. Qf2 Qxf2+ 35. Kxf2 Rb2+ 36. Kg3 Rxa2 37. f4 Rb8 38. Kh4 Rh2+ 39. Kg5 Kg7
40. Rb1 Rhb2 41. Ra1 R8b7 42. Ra6 Rc7 43. Rea1 d4 44. Rxa7 Rcb7 45. Ra8 Rc2 46.
f5 gxf5 47. Rh1 Rxc5 48. Rah8 f6+ 49. exf6+ Kf7 50. gxf5 Rxf5+ 51. Kxf5 Rb5+
52. Ke4 Kxf6 53. R8h6+ Ke7 54. Rxc6 Rb2 55. Rh7+ Kd8 56. Ra6 Re2+ 57. Kd5 1-0

[Event "Bundesliga 9697"]
[Site "Deutschland"]
[Date "1996.??.??"]
[Round "?.7"]
[White "Goldberg, Alexander"]
[Black "Becker, Marc"]
[Result "1/2-1/2"]
[WhiteElo "2390"]
[BlackElo "2415"]
[PlyCount "36"]
[EventDate "1996.10.??"]
[EventType "team"]
[EventRounds "15"]
[EventCountry "GER"]
[SourceTitle "Bundesliga 9697"]
[Source "DeepChess"]
[SourceDate "2005.01.01"]
[SourceVersion "1"]
[SourceVersionDate "2005.01.01"]
[SourceQuality "1"]
[WhiteTeam "Dresdner SC 1898"]
[BlackTeam "SC Anderssen St.Ingbert 1920 e.V."]
[WhiteTeamCountry "GER"]
[BlackTeamCountry "GER"]

1. e4 e5 2. Bc4 Nc6 3. Nf3 Nf6 4. d3 Bc5 5. c3 d6 6. h3 a6 7. Bb3 Ba7 8. Nbd2
O-O 9. Nf1 Be6 10. Ng3 h6 11. O-O Qd7 12. Kh2 d5 13. Qe2 dxe4 14. Nxe4 Nxe4 15.
Bxe6 Qxe6 16. dxe4 Rad8 17. Nh4 Ne7 18. b3 Rd7 1/2-1/2

[Event "Bundesliga 9697"]
[Site "Deutschland"]
[Date "1996.??.??"]
[Round "?.8"]
[White "Kummerow, Heiko"]
[Black "Andresen, Steffen"]
[Result "1-0"]
[WhiteElo "2265"]
[BlackElo "2345"]
[PlyCount "41"]
[EventDate "1996.10.??"]
[EventType "team"]
[EventRounds "15"]
[EventCountry "GER"]
[SourceTitle "Bundesliga 9697"]
[Source "DeepChess"]
[SourceDate "2005.01.01"]
[SourceVersion "1"]
[SourceVersionDate "2005.01.01"]
[SourceQuality "1"]
[WhiteTeam "SC Anderssen St.Ingbert 1920 e.V."]
[BlackTeam "Dresdner SC 1898"]
[WhiteTeamCountry "GER"]
[BlackTeamCountry "GER"]

1. e4 c5 2. Nf3 Nc6 3. d4 cxd4 4. Nxd4 Nf6 5. Nc3 d6 6. Bg5 e6 7. Qd2 a6 8.
O-O-O h6 9. Be3 Bd7 10. f3 b5 11. g4 Ne5 12. g5 hxg5 13. Bxg5 Qc7 14. Bd3 Rc8
15. Kb1 Nc4 16. Bxc4 Qxc4 17. e5 dxe5 18. Bxf6 gxf6 19. Nf5 Bc6 20. Ne4 Bb4 21.
Qd8+ 1-0

[Event "Bundesliga 9697"]
[Site "Deutschland"]
[Date "1996.??.??"]
[Round "?.2"]
[White "Teske, Henrik"]
[Black "Arnold, Lothar"]
[Result "1-0"]
[WhiteElo "2520"]
[BlackElo "2375"]
[PlyCount "87"]
[EventDate "1996.10.??"]
[EventType "team"]
[EventRounds "15"]
[EventCountry "GER"]
[SourceTitle "Bundesliga 9697"]
[Source "DeepChess"]
[SourceDate "2005.01.01"]
[SourceVersion "1"]
[SourceVersionDate "2005.01.01"]
[SourceQuality "1"]
[WhiteTeam "Dresdner SC 1898"]
[BlackTeam "SC Eppingen e.V."]
[WhiteTeamCountry "GER"]
[BlackTeamCountry "GER"]

1. d4 e6 2. Nf3 f5 3. c4 Nf6 4. Nc3 Bb4 5. g3 b6 6. Bg2 Bb7 7. O-O O-O 8. Bd2
Bxc3 9. Bxc3 Be4 10. Rc1 Qe8 11. e3 d6 12. d5 Nbd7 13. Ng5 Bxg2 14. Kxg2 Nc5
15. b4 h6 16. Nh3 Nb7 17. dxe6 Nd8 18. e7 Qxe7 19. Nf4 Qf7 20. Bxf6 Qxf6 21.
Qd5+ Nf7 22. c5 dxc5 23. bxc5 Rfd8 24. Qe6 Qe5 25. cxb6 cxb6 26. Rfd1 Rxd1 27.
Rxd1 Re8 28. Qb3 Qe4+ 29. Kg1 Qc6 30. h4 Re7 31. Rd5 Qc1+ 32. Kg2 Qc6 33. Kh2
Qc8 34. Qd3 Re5 35. Rd7 Qe8 36. Rxa7 g5 37. Ng6 Re4 38. Qd5 Qe6 39. Ne7+ Kf8
40. Qa8+ Kg7 41. Qg8+ Kf6 42. Qg6+ Ke5 43. f4+ gxf4 44. gxf4+ 1-0